000 00865nam a2200253 u 4500
001 65835
005 20180714073339.0
008 160713s2015 sp r 000 0 spa d
020 _a9783659097348
041 _aspa
082 0 _a658.802
_bPIZ
100 1 _aKassouf Pizzinatto, Nadia,
_eautor
245 1 0 _aGestión y marketing en la realidad latinoamericana :
_bestudios setoriales /
_cNadia Kassouf Pizzinatto, Andrea K. Pizzinatto.
250 _a[Primera edición]
264 1 _aEspaña :
_bEditorial Académica Española,
_c2015
300 _a237 páginas ;
_c22 cm.
336 _atexto
_2rdacontent
337 _asin mediación
_2rdamedia
338 _avolumen
_2rdacarrier
650 4 _aMercadeo
_zLatinoamerica
650 4 _aMercadeo en internet
650 4 _aMercadeo de servicios
700 1 _aKassouf Pizzinatto, Andrea,
_eautor
999 _c65835
_d65835